世界自然遺産を多く保有する国 - Statistics

General Stats
  • This quiz has been taken 138 times
  • The average score is 15 of 17
Answer Stats
国名 自然遺産の数 合計数 % Correct
中国 14 56
98%
アメリカ 12 24
98%
ロシア 11 30
97%
ブラジル 7 23
97%
カナダ 10 20
96%
日本 6 25
96%
フランス 5 49
94%
インド 7 40
91%
イギリス 4 33
90%
オーストラリア 12 20
88%
メキシコ 6 35
86%
スペイン 4 49
86%
イタリア 5 58
85%
インドネシア 4 9
82%
アルゼンチン 5 11
72%
南アフリカ 4 10
71%
コンゴ民主共和国 5 5
33%
No matching quizzes found
Score Distribution
Percent of People with Each Score
Percentile by Number Answered
Your Score History
You have not taken this quiz